000 00972nam a22002537a 4500
999 _c17429
_d17429
003 AR-CdUCM
008 190508b ||||| |||| 00| 0 spa d
040 _aMUNICIPALIDAD PROVINCIAL DEL CUSCO
_cBIBLIOTECA MUNICIPAL DEL CUSCO
041 _hru.
082 _a530.01 /
_bM52
100 _aMeliujin, S.
_932149
245 _aProblemas filosóficos de la física contemporánea /
260 _aMéxico :
_bGrijalbo,
_c1969.
300 _a154 paginas ;
_c19 cm.
440 _aColección 70
_92202
505 _aContenido :Problemas filosóficos de la física contemporánea --El materialismo dialéctico en la física contemporánea --La teoría del espacio, el tiempo y la gravitación, la teoría de la relatividad ...
650 _aFisica
_92382
650 _aFilosofía
_9395
700 _aKutnetsov, L.V.
_937442
700 _aOmelianovski, M.
_937443
700 _aLydia kuper de Velasco (traductor)
_937444
942 _2ddc
_cLIBROS
945 _arjall
_d2019-05-08